| 000 | 00679nam a2200205Ia 4500 | ||
|---|---|---|---|
| 003 | GCL | ||
| 008 | 140319s9999 xx 000 0 ara d | ||
| 040 |
_aGCL / _cGCL |
||
| 082 | 0 | 4 |
_a658.15 _bم م |
| 100 | 1 | _aمنير ابراهيم هندى | |
| 245 | 1 | 0 |
_aمستقبل اسواق راس المال العربية مخاطر ومحاذير / _cمنير ابراهيم هندى |
| 260 |
_a[S.N] : _bمنشاة المعارف ، _c1995 |
||
| 300 | _a86 ص | ||
| 490 | _a | ||
| 650 | 0 | 4 | _aالاستثمار |
| 650 | 0 | 4 | _aالادارة المالية |
| 650 | 0 | 4 | _aالمحاسبة الادارية |
| 650 | 0 | 4 | _aالميزانيات التقديرية |
| 942 |
_2ddc _cBK |
||
| 999 |
_c33199 _d33199 |
||